000 00818nas a2200241 4500
001 BR8205600
003 BR-BrBNA
005 20231205085257.0
007 ta
008 230509b bl.|||p| |||| 00| 00por d
040 _aBR-BrBNA
_bpor
_cBiblioteca Nacional de Agricultura
041 _a(Pt)
072 _aQ20; Q10
100 1 _aAndrade, N.J. de
100 1 _aSoares, C.F.
100 1 _aChaves, J.B.P.
245 1 _aComparacao de tecnicas de coleta de material na avaliacao das condicoes de limpeza e sanitizacao de equipamentos
650 _aHIGIENE DE ALIMENTO
650 _aPRESERVACAO DE ALIMENTO
773 0 _tRevista do Instituto de Laticinios Candido Tostes (Brazil)
_xISSN 0100-3674
_g(Jul-Aug 1982), v. 37(222) p. 9-13
_wBR8205600
909 _a202311
_bLúcia
_c55
_dLúcia Elande
942 _2AGRIS
_n0
_cANA
999 _c110427
_d110427